000
00251nam a2200097Ia 4500
001
830770
005
20250826172323.0
008
250824s9999 xx 000 0 und d
245
0
_a
GÜNEŞİ ARAYAN ÇOCUK
_c
BİLGİN ADALI
260
_b
HEP KİTAP YAYINLARI
999
_c
830770
_d
830770